US Cities with Population over One Million - Statistics

General Stats
  • This quiz has been taken 166 times
  • The average score is 9 of 10
Answer Stats
Population City % Correct
3,971,883 Los Angeles
100%
8,550,405 New York City
100%
2,720,546 Chicago
97%
2,296,224 Houston
97%
1,300,092 Dallas
92%
1,567,442 Philadelphia
86%
1,563,025 Phoenix
84%
1,394,928 San Diego
84%
1,469,845 San Antonio
75%
1,026,908 San Jose
65%
No matching quizzes found
Score Distribution
Percent of People with Each Score
Percentile by Number Answered
Your Score History
You have not taken this quiz